1353 1994 1194 1912 1166 1901 1467 1651 1182 1387 1122 1464 1030 1034 1273 1854 1527 1361 1116 1807 1013 1343 1031 1360 1549 1494 1201 1656 1601 1919 1679 1500 1619 1928 1133 1017 1442 1627 1354 1686 1734 1574 1136 1167 1922 1611 1858 1807 1973 1211 1469 1253 1589 1383 1867 1846 1249 1536 1650 1123 1790 1172 1846 1122 1713 1924 1562 1091 1056 1093 1545 1524 1358 1179 1765 1580 1036 1200 1731 1699 1655 1625 1800 1367 1192 1780 1399 1530 1365 1767 1011 1683 1098 1930 1205 1273 1251 1078 1615 BCNSPRNW ULIB Ver.6.0+V

เปลี่ยนเป็นภาษาไทย

Change to English
 แสดงรายละเอียดบรรณานุกรม
  กลับหน้าหลัก

Brief Record : Get Marc (ISO 2709) : E-mail record : QR code < ปิดหน้าต่าง
LEADER : 00000nam 2200000uu 4500
001    13399111102
003     ULIB
008    110616s||||||||th 000 0 tha d
020    9747849429
050  4 HD37.5^bด121ก 2541
100 0  ดนัย เทียนพุฒ
245 10 กลยุทธ์การพัฒนาคนไขปัญหาคาใจนักฝึกอบรม /^cดนัย เทียนพุฒ
260    กรุงเทพฯ :^bบุ๊คแบงก์,^c2541
300    138, [6] หน้า ;^c21 ซม.
650  7 การบริหารงานบุคคล
650  7 การฝึกอบรม
945    ^p0^l0^i011869
995    ทศพร
999 ^a ใช้งานได้ทุกระบบ
รายการนี้ยังไม่มีแท็ก
คุณยังไม่ได้ล็อกอิน คุณสามารถมีกิจกรรมร่วมกับเว็บไซต์ได้ แต่ต้องล็อกอินก่อน ::
  ล็อกอิน

รายการสื่อสารสนเทศ

ลำดับที่ ประเภท เลขเรียก/บาร์โค้ด สถานที่ สถานะ
- ไม่พบข้อมูล -

รายการใกล้เคียง
    ผู้แต่ง [ดนัย เทียนพุฒ]

    หัวเรื่อง [การบริหารงานบุคคล]
    หัวเรื่อง [การฝึกอบรม]

BibComment


ยังไม่เคยถูกคอมเมนท์

คอมเมนท์ทรัพยากรรายการนี้
  คอมเมนท์: กลยุทธ์การพัฒนาคน..


 Copyright 2026. Bcnsprnw @Library